[Event "V4 OPEN - International Championship of Slovakia 2
[Site "Banska Stiavnica"]
[Date "2013.07.06"]
[Round "1"]
[Board "20"]
[White "Pinter, Erik"]
[Black "Giertli, Vladimir"]
[Result "1-0"]
[WhiteElo "2364"]
[BlackElo "2093"]
[PlyCount "0"]
[EventDate "2013.07.06"]
[EventRounds "9"]
[EventCountry "SVK"]

1. e4 {[%clk 1:23:44]} d6 {[%clk 1:30:52]} 2. d4 {[%clk 1:21:37]} Nf6
{[%clk 1:31:17]} 3. Nc3 {[%clk 1:21:38]} g6 {[%clk 1:31:41]} 4. Be3
{[%clk 1:19:27]} c6 {[%clk 1:32:03]} 5. Qd2 {[%clk 1:17:27]} b5 {[%clk 1:31:56]}
6. Bd3 {[%clk 1:15:05]} Nbd7 {[%clk 1:30:51]} 7. Nf3 {[%clk 1:13:19]} Bg7
{[%clk 1:28:54]} 8. Bh6 {[%clk 1:09:23]} Bxh6 {[%clk 1:26:36]} 9. Qxh6
{[%clk 1:09:45]} b4 {[%clk 1:27:01]} 10. Ne2 {[%clk 1:07:21]} Qa5
{[%clk 1:26:39]} 11. O-O {[%clk 1:05:14]} Rg8 {[%clk 1:08:17]} 12. Ng5
{[%clk 0:55:04]} Nf8 {[%clk 1:05:46]} 13. h3 {[%clk 0:54:09]} Nh5
{[%clk 0:58:23]} 14. f4 {[%clk 0:45:53]} f6 {[%clk 0:57:35]} 15. Nxh7
{[%clk 0:45:23]} Nxh7 {[%clk 0:43:09]} 16. Qxh7 {[%clk 0:45:42]} Be6
{[%clk 0:43:32]} 17. f5 {[%clk 0:36:10]} Bf7 {[%clk 0:43:34]} 18. fxg6
{[%clk 0:36:02]} Rxg6 {[%clk 0:43:31]} 19. Rf5 {[%clk 0:36:07]} e5
{[%clk 0:35:02]} 20. Rxh5 {[%clk 0:34:15]} Ke7 {[%clk 0:35:32]} 21. Bc4
{[%clk 0:26:22]} d5 {[%clk 0:35:46]} 22. exd5 {[%clk 0:26:25]} cxd5
{[%clk 0:36:03]} 23. Nf4 {[%clk 0:24:17]} exf4 {[%clk 0:32:20]} 24. Bxd5
{[%clk 0:24:18]} 1-0

[Event "V4 OPEN - International Championship of Slovakia 2
[Site "Banska Stiavnica"]
[Date "2013.07.06"]
[Round "1"]
[Board "21"]
[White "Danada, Tomas"]
[Black "Motuz, Karol"]
[Result "0-1"]
[WhiteElo "2085"]
[BlackElo "2361"]
[PlyCount "0"]
[EventDate "2013.07.06"]
[EventRounds "9"]
[EventCountry "SVK"]

1. g3 {[%clk 1:25:43]} d5 {[%clk 1:30:41]} 2. Bg2 {[%clk 1:26:08]} c6
{[%clk 1:30:57]} 3. d3 {[%clk 1:25:45]} e5 {[%clk 1:29:00]} 4. Nd2
{[%clk 1:25:26]} Nf6 {[%clk 1:28:51]} 5. b3 {[%clk 1:25:03]} Bd6 {[%clk 1:26:27]}
6. Bb2 {[%clk 1:24:08]} O-O {[%clk 1:26:48]} 7. e3 {[%clk 1:24:03]} Re8
{[%clk 1:25:04]} 8. Ne2 {[%clk 1:24:16]} Be6 {[%clk 1:19:48]} 9. c4
{[%clk 1:21:38]} Nbd7 {[%clk 1:15:30]} 10. Qc2 {[%clk 1:19:40]} Nf8
{[%clk 1:11:56]} 11. a3 {[%clk 1:11:19]} Qd7 {[%clk 1:09:31]} 12. h3
{[%clk 1:11:39]} Ng6 {[%clk 1:06:35]} 13. Rc1 {[%clk 1:03:10]} Rad8
{[%clk 1:02:32]} 14. b4 {[%clk 1:01:55]} h6 {[%clk 0:50:38]} 15. Nb3
{[%clk 0:58:49]} Bf5 {[%clk 0:46:22]} 16. e4 {[%clk 0:48:23]} dxe4
{[%clk 0:44:42]} 17. dxe4 {[%clk 0:47:12]} Be6 {[%clk 0:45:03]} 18. Rd1
{[%clk 0:42:29]} Qc8 {[%clk 0:44:00]} 19. h4 {[%clk 0:29:20]} h5 {[%clk 0:29:16]}
20. f3 {[%clk 0:23:59]} Be7 {[%clk 0:24:57]} 21. Kf2 {[%clk 0:22:56]} b6
{[%clk 0:22:35]} 22. Rhe1 {[%clk 0:20:10]} a5 {[%clk 0:19:36]} 23. bxa5
{[%clk 0:16:10]} bxa5 {[%clk 0:20:05]} 24. Nxa5 {[%clk 0:15:47]} Bc5+
{[%clk 0:19:07]} 25. Kf1 {[%clk 0:16:10]} Qa6 {[%clk 0:18:01]} 26. Nb3
{[%clk 0:15:47]} Ba7 {[%clk 0:17:17]} 27. Rxd8 {[%clk 0:13:13]} Rxd8
{[%clk 0:17:39]} 28. c5 {[%clk 0:13:12]} Qa4 {[%clk 0:12:56]} 29. Nbd4
{[%clk 0:12:50]} Qxc2 {[%clk 0:13:07]} 30. Nxc2 {[%clk 0:13:18]} Rd2
{[%clk 0:13:26]} 0-1

[Event "V4 OPEN - International Championship of Slovakia 2
[Site "Banska Stiavnica"]
[Date "2013.07.06"]
[Round "1"]
[Board "22"]
[White "Repka, Christopher"]
[Black "Koval, Maros"]
[Result "1-0"]
[WhiteElo "2361"]
[BlackElo "2084"]
[PlyCount "0"]
[EventDate "2013.07.06"]
[EventRounds "9"]
[EventCountry "SVK"]

1. d4 {[%clk 1:30:59]} d5 {[%clk 1:29:57]} 2. c4 {[%clk 1:31:22]} c6
{[%clk 1:30:24]} 3. Nf3 e6 {[%clk 1:26:42]} 4. e3 {[%clk 1:30:04]} f5
{[%clk 1:27:04]} 5. Bd3 {[%clk 1:30:14]} Nf6 {[%clk 1:27:29]} 6. O-O
{[%clk 1:29:49]} Bd6 {[%clk 1:27:54]} 7. Ne5 {[%clk 1:28:35]} O-O
{[%clk 1:27:46]} 8. f4 {[%clk 1:28:53]} Ne4 {[%clk 1:27:04]} 9. Nc3
{[%clk 1:28:10]} Nd7 {[%clk 1:27:11]} 10. Qb3 {[%clk 1:27:49]} Ndf6
{[%clk 1:22:56]} 11. Nxe4 {[%clk 1:22:15]} Nxe4 {[%clk 1:22:07]} 12. Bxe4
{[%clk 1:22:38]} fxe4 {[%clk 1:22:15]} 13. Bd2 {[%clk 1:22:57]} Qb6 14. Qc3
{[%clk 1:02:36]} Bxe5 {[%clk 1:16:41]} 15. fxe5 {[%clk 1:02:57]} Bd7
{[%clk 1:16:55]} 16. Qa3 {[%clk 1:03:15]} Rae8 {[%clk 1:06:37]} 17. Qd6
{[%clk 0:51:11]} Qd8 {[%clk 1:03:47]} 18. Bb4 {[%clk 0:45:53]} Rxf1+
{[%clk 1:02:55]} 19. Rxf1 {[%clk 0:46:21]} h6 {[%clk 0:57:03]} 20. h4 Bc8
{[%clk 0:08:41]} 21. Qc5 {[%clk 0:24:36]} Kh7 {[%clk 0:07:02]} 22. g3
{[%clk 0:23:43]} a6 {[%clk 0:04:48]} 23. Rf7 {[%clk 0:23:14]} Rg8
{[%clk 0:03:58]} 24. b3 {[%clk 0:10:49]} Qe8 {[%clk 0:04:03]} 25. Qe7
{[%clk 0:11:10]} Qxe7 {[%clk 0:03:52]} 26. Rxe7 {[%clk 0:11:37]} Kg6
{[%clk 0:02:59]} 27. Kg2 {[%clk 0:08:44]} h5 {[%clk 0:02:00]} 28. Rc7
{[%clk 0:08:53]} Kf5 {[%clk 0:01:26]} 29. Be7 {[%clk 0:08:57]} Kg6
{[%clk 0:01:45]} 30. c5 Kf5 {[%clk 0:01:24]} 31. Bd8 {[%clk 0:07:45]} g5
{[%clk 0:01:14]} 32. Bxg5 {[%clk 0:05:33]} Kg6 {[%clk 0:01:38]} 33. Kh3
{[%clk 0:05:33]} Rf8 {[%clk 0:01:21]} 34. Bf6 {[%clk 0:05:16]} Rg8
{[%clk 0:00:53]} 35. g4 {[%clk 0:05:42]} hxg4+ {[%clk 0:00:33]} 36. Kxg4
{[%clk 0:06:09]} Rf8 {[%clk 0:00:31]} 37. h5+ {[%clk 0:06:34]} 1-0

[Event "V4 OPEN - International Championship of Slovakia 2
[Site "Banska Stiavnica"]
[Date "2013.07.06"]
[Round "1"]
[Board "23"]
[White "Toma, Rudolf"]
[Black "Farkas, Gabor"]
[Result "1/2-1/2"]
[WhiteElo "2068"]
[BlackElo "2359"]
[PlyCount "0"]
[EventDate "2013.07.06"]
[EventRounds "9"]
[EventCountry "SVK"]

1. d4 {[%clk 1:29:58]} d5 {[%clk 1:28:31]} 2. c4 {[%clk 1:30:16]} c6
{[%clk 1:28:53]} 3. Nf3 {[%clk 1:30:28]} Nf6 {[%clk 1:29:16]} 4. Nc3
{[%clk 1:30:37]} e6 {[%clk 1:29:27]} 5. e3 {[%clk 1:30:40]} Nbd7 {[%clk 1:27:47]}
6. a3 {[%clk 1:29:41]} Bd6 {[%clk 1:21:08]} 7. Qc2 {[%clk 1:29:12]} O-O
{[%clk 1:18:05]} 8. Bd3 {[%clk 1:22:02]} dxc4 {[%clk 1:15:47]} 9. Bxc4
{[%clk 1:22:23]} e5 {[%clk 1:12:56]} 10. O-O {[%clk 1:20:20]} Qe7
{[%clk 1:11:03]} 11. Bd3 {[%clk 1:18:24]} Re8 {[%clk 1:07:49]} 12. dxe5
{[%clk 1:12:09]} Nxe5 {[%clk 1:07:55]} 13. Nxe5 {[%clk 1:12:27]} Qxe5
{[%clk 1:06:40]} 14. f4 {[%clk 1:11:44]} Qh5 {[%clk 0:59:08]} 15. Be2
{[%clk 1:09:35]} Bg4 {[%clk 0:57:30]} 16. Bf3 {[%clk 1:02:11]} Bc5
{[%clk 0:54:48]} 17. Ne4 {[%clk 0:52:12]} Nxe4 {[%clk 0:54:40]} 18. Bxe4
{[%clk 0:52:34]} Rad8 {[%clk 0:51:46]} 19. Bxh7+ {[%clk 0:48:06]} Kh8
{[%clk 0:51:35]} 20. h3 {[%clk 0:39:12]} Bd1 {[%clk 0:37:11]} 21. Qf5
{[%clk 0:35:31]} g6 {[%clk 0:23:35]} 22. Bxg6 {[%clk 0:25:50]} fxg6
{[%clk 0:23:21]} 23. Qxh5+ {[%clk 0:26:11]} Bxh5 {[%clk 0:23:38]} 24. g4
{[%clk 0:26:25]} Bxe3+ {[%clk 0:23:40]} 25. Bxe3 {[%clk 0:22:36]} Rxe3
{[%clk 0:24:03]} 26. Rad1 {[%clk 0:22:29]} Rg3+ {[%clk 0:21:18]} 27. Kf2
{[%clk 0:18:26]} Rxd1 {[%clk 0:20:46]} 28. Rxd1 {[%clk 0:18:45]} Rb3
{[%clk 0:20:57]} 29. gxh5 {[%clk 0:14:38]} gxh5 {[%clk 0:21:18]} 30. Rg1
{[%clk 0:14:14]} Rxh3 {[%clk 0:19:40]} 31. f5 {[%clk 0:13:59]} Rd3
{[%clk 0:18:42]} 32. Ke2 {[%clk 0:14:00]} Rd7 {[%clk 0:16:28]} 33. Ke3
{[%clk 0:13:44]} h4 {[%clk 0:16:29]} 34. Kf4 {[%clk 0:07:39]} h3 {[%clk 0:16:22]}
35. Rh1 {[%clk 0:07:35]} Rd3 {[%clk 0:15:18]} 36. Kg4 {[%clk 0:06:52]} Kg7
{[%clk 0:10:27]} 37. Rxh3 {[%clk 0:06:46]} Rd2 {[%clk 0:10:34]} 38. b4
{[%clk 0:06:54]} Rd5 {[%clk 0:10:33]} 39. Re3 {[%clk 0:06:58]} Kf6
{[%clk 0:10:29]} 40. Re6+ {[%clk 0:07:11]} Kf7 {[%clk 0:10:40]} 41. Re3
{[%clk 0:07:31]} a5 {[%clk 0:10:49]} 42. bxa5 {[%clk 0:05:54]} Rxa5
{[%clk 0:11:12]} 43. Rb3 {[%clk 0:06:17]} Kf6 {[%clk 0:10:49]} 44. Rxb7
{[%clk 0:05:37]} Rxa3 {[%clk 0:11:13]} 45. Rb4 {[%clk 0:05:30]} Rc3
{[%clk 0:11:36]} 46. Kf4 {[%clk 0:05:49]} Rc5 {[%clk 0:11:41]} 47. Re4
{[%clk 0:00:57]} Rxf5+ {[%clk 0:11:29]} 48. Ke3 {[%clk 0:01:17]} Rd5
{[%clk 0:11:54]} 49. Kf4 {[%clk 0:00:34]} Rd8 {[%clk 0:11:40]} 50. Ke3
{[%clk 0:30:55]} Kf5 {[%clk 0:42:08]} 51. Re7 {[%clk 0:29:40]} Rd5
{[%clk 0:42:17]} 52. Rc7 {[%clk 0:29:25]} Rd6 {[%clk 0:42:13]} 53. Re7
{[%clk 0:29:42]} Rd1 {[%clk 0:42:16]} 54. Rc7 {[%clk 0:29:53]} Rc1
{[%clk 0:42:40]} 55. Kd2 {[%clk 0:29:24]} Rc5 {[%clk 0:43:05]} 56. Re7
{[%clk 0:29:39]} Kf6 {[%clk 0:42:45]} 57. Re8 {[%clk 0:29:52]} Re5
{[%clk 0:43:01]} 58. Rc8 {[%clk 0:29:55]} Re6 {[%clk 0:43:16]} 59. Kd3
{[%clk 0:29:12]} Ke7 {[%clk 0:42:52]} 60. Kd4 {[%clk 0:29:19]} Kd6
{[%clk 0:42:52]} 61. Rd8+ {[%clk 0:29:22]} Kc7 {[%clk 0:43:13]} 62. Rh8
{[%clk 0:29:38]} Re1 {[%clk 0:43:16]} 63. Kc5 {[%clk 0:29:16]} Rc1+
{[%clk 0:43:22]} 64. Kb4 {[%clk 0:29:41]} Rc2 {[%clk 0:43:15]} 65. Rh6
{[%clk 0:29:57]} Kb6 {[%clk 0:43:29]} 66. Rg6 {[%clk 0:30:21]} Rh2
{[%clk 0:43:44]} 67. Kc4 {[%clk 0:29:08]} Rh4+ {[%clk 0:44:05]} 68. Kc3
{[%clk 0:29:36]} Kb5 {[%clk 0:44:16]} 69. Rg5+ {[%clk 0:29:55]} c5
{[%clk 0:44:37]} 70. Rg3 {[%clk 0:29:59]} Ra4 {[%clk 0:45:02]} 71. Kb3
{[%clk 0:29:22]} c4+ {[%clk 0:44:52]} 72. Kb2 {[%clk 0:29:42]} Ra8
{[%clk 0:45:11]} 73. Rg5+ {[%clk 0:29:34]} Kb4 {[%clk 0:45:24]} 74. Rg3
{[%clk 0:30:00]} Rf8 {[%clk 0:45:27]} 75. Rh3 {[%clk 0:30:22]} Rf2+
{[%clk 0:45:51]} 76. Kc1 {[%clk 0:30:43]} Rg2 {[%clk 0:46:07]} 77. Rf3
{[%clk 0:30:53]} Rg8 {[%clk 0:46:02]} 78. Rh3 {[%clk 0:31:17]} c3
{[%clk 0:46:15]} 79. Rh7

[Event "V4 OPEN - International Championship of Slovakia 2
[Site "Banska Stiavnica"]
[Date "2013.07.06"]
[Round "1"]
[Board "24"]
[White "Jurcik, Martin"]
[Black "Kotlowski, Tomasz"]
[Result "1-0"]
[WhiteElo "2358"]
[BlackElo "2063"]
[PlyCount "0"]
[EventDate "2013.07.06"]
[EventRounds "9"]
[EventCountry "SVK"]

1. e4 {[%clk 1:30:53]} g6 {[%clk 1:30:59]} 2. d4 {[%clk 1:30:49]} d6
{[%clk 1:31:04]} 3. Nc3 {[%clk 1:30:49]} Bg7 {[%clk 1:30:21]} 4. Be3 c6 5. Qd2
{[%clk 1:20:11]} b5 {[%clk 1:29:44]} 6. h3 {[%clk 1:18:16]} Nd7 {[%clk 1:24:09]}
7. f4 {[%clk 1:06:47]} Nb6 {[%clk 1:22:28]} 8. e5 {[%clk 1:04:54]} b4
{[%clk 1:21:54]} 9. Ne4 Nd5 {[%clk 1:16:01]} 10. Bd3 {[%clk 0:59:19]} Nh6 11. Nf3
{[%clk 0:54:32]} Nxe3 {[%clk 1:15:04]} 12. Qxe3 {[%clk 0:54:53]} O-O
{[%clk 1:13:50]} 13. O-O {[%clk 0:23:00]} Bf5 14. g4 {[%clk 0:23:28]} Bxe4
{[%clk 1:06:42]} 15. Bxe4 {[%clk 0:21:39]} Rc8 {[%clk 1:05:21]} 16. f5
{[%clk 0:21:35]} dxe5 {[%clk 1:05:27]} 17. dxe5 {[%clk 0:18:45]} Qb6
{[%clk 1:05:49]} 18. Qxb6 {[%clk 0:05:11]} axb6 19. Rfd1 gxf5 {[%clk 1:02:47]}
20. gxf5 {[%clk 0:05:35]} Rfd8 {[%clk 1:01:35]} 21. Kf2 {[%clk 0:01:45]} c5 22.
Ke2 Kf8 {[%clk 0:57:34]} 23. Rxd8+ {[%clk 0:01:21]} Rxd8 {[%clk 0:57:57]} 24. a4
{[%clk 0:01:21]} Ke8 {[%clk 0:56:02]} 25. Bc6+ {[%clk 0:01:50]} Kf8
{[%clk 0:56:29]} 26. Be4 {[%clk 0:02:19]} Ke8 {[%clk 0:56:13]} 27. a5
{[%clk 0:02:47]} bxa5 {[%clk 0:56:35]} 28. Rxa5 {[%clk 0:03:15]} Rc8
{[%clk 0:57:03]} 29. Rb5 {[%clk 0:01:45]} Kd7 {[%clk 0:53:35]} 30. b3
{[%clk 0:01:45]} Ng8 {[%clk 0:54:02]} 31. Kd3 {[%clk 0:01:26]} Bh6 32. Kc4
{[%clk 0:01:11]} Be3 {[%clk 0:54:27]} 33. Rb7+ {[%clk 0:01:27]} Kd8
{[%clk 0:52:32]} 34. Ra7 {[%clk 0:00:36]} h5 {[%clk 0:52:32]} 35. Ra1
{[%clk 0:00:35]} Nh6 {[%clk 0:52:07]} 36. Ra7 {[%clk 0:00:39]} Rc7
{[%clk 0:52:31]} 37. Ra8+ {[%clk 0:00:41]} Rc8 {[%clk 0:52:54]} 38. Rxc8+
{[%clk 0:00:35]} Kxc8 {[%clk 0:53:17]} 39. Kd5 Kd7 40. e6+ {[%clk 0:00:46]} fxe6+
{[%clk 0:53:15]} 41. fxe6+ {[%clk 0:01:11]} Kc7 {[%clk 0:53:39]} 42. Bh7
{[%clk 0:30:56]} Kb6 {[%clk 1:22:59]} 43. Ne5 {[%clk 0:25:17]} Kb5
{[%clk 1:21:57]} 44. Nd7 {[%clk 0:24:30]} Bf2 {[%clk 1:21:43]} 45. Bd3+
{[%clk 0:23:12]} Ka5 {[%clk 1:22:11]} 46. Kc6 {[%clk 0:20:43]} Bd4
{[%clk 1:22:21]} 47. Nb6 {[%clk 0:18:32]} Ng8 {[%clk 1:22:30]} 48. Bb5
{[%clk 0:18:40]} 1-0

[Event "V4 OPEN - International Championship of Slovakia 2
[Site "Banska Stiavnica"]
[Date "2013.07.06"]
[Round "1"]
[Board "25"]
[White "Milcova, Zuzana"]
[Black "Plachetka, Jan"]
[Result "0-1"]
[WhiteElo "2061"]
[BlackElo "2355"]
[PlyCount "0"]
[EventDate "2013.07.06"]
[EventRounds "9"]
[EventCountry "SVK"]

1. d4 {[%clk 1:28:06]} Nf6 {[%clk 1:30:50]} 2. Nf3 {[%clk 1:28:28]} e6
{[%clk 1:30:53]} 3. Bf4 {[%clk 1:28:24]} c5 {[%clk 1:30:19]} 4. c3
{[%clk 1:27:58]} Nc6 {[%clk 1:30:15]} 5. e3 {[%clk 1:27:41]} d5 {[%clk 1:29:43]}
6. Be2 {[%clk 1:26:28]} Be7 {[%clk 1:29:55]} 7. h3 {[%clk 1:26:39]} O-O
{[%clk 1:25:44]} 8. O-O {[%clk 1:26:48]} Qb6 {[%clk 1:22:13]} 9. Qb3
{[%clk 1:26:16]} Na5 {[%clk 1:09:09]} 10. Qxb6 {[%clk 1:25:01]} axb6
{[%clk 1:09:32]} 11. Nbd2 {[%clk 1:24:48]} Nc6 {[%clk 1:06:08]} 12. Rfd1
{[%clk 1:20:19]} Ne8 {[%clk 0:58:41]} 13. c4 {[%clk 1:06:56]} cxd4
{[%clk 0:55:23]} 14. exd4 {[%clk 1:06:02]} Nd6 {[%clk 0:53:35]} 15. a3
{[%clk 1:02:04]} Bd7 {[%clk 0:47:30]} 16. Rac1 {[%clk 1:00:03]} Rac8
{[%clk 0:47:07]} 17. cxd5 {[%clk 0:48:04]} exd5 {[%clk 0:47:06]} 18. Nb1
{[%clk 0:48:05]} Na5 {[%clk 0:38:53]} 19. Rxc8 {[%clk 0:46:13]} Rxc8
{[%clk 0:39:11]} 20. Nc3 {[%clk 0:46:30]} Bc6 {[%clk 0:37:35]} 21. Bxd6
{[%clk 0:40:42]} Bxd6 {[%clk 0:37:57]} 22. b4 {[%clk 0:40:56]} Nc4
{[%clk 0:36:27]} 23. b5 {[%clk 0:37:42]} Be8 {[%clk 0:33:21]} 24. Nxd5
{[%clk 0:34:05]} Nxa3 {[%clk 0:33:16]} 25. Nxb6 {[%clk 0:33:38]} Rd8
{[%clk 0:32:38]} 26. Nd5 {[%clk 0:19:59]} Nxb5 {[%clk 0:25:56]} 27. Ne5
{[%clk 0:17:11]} Kf8 {[%clk 0:24:32]} 28. Nc4 {[%clk 0:14:02]} Bb8
{[%clk 0:24:13]} 29. Nce3 {[%clk 0:13:01]} Ba7 {[%clk 0:23:11]} 30. Bxb5
{[%clk 0:10:45]} Bxb5 {[%clk 0:23:35]} 31. Nc3 {[%clk 0:11:10]} Bd7
{[%clk 0:21:58]} 32. d5 {[%clk 0:10:56]} b5 {[%clk 0:21:28]} 33. Rb1
{[%clk 0:09:49]} Rb8 {[%clk 0:21:40]} 34. Na2 {[%clk 0:08:45]} Bc5
{[%clk 0:17:46]} 35. Nb4 {[%clk 0:06:59]} Ra8 {[%clk 0:15:51]} 36. Nc6
{[%clk 0:05:26]} b4 {[%clk 0:13:46]} 37. g4 {[%clk 0:05:19]} Bxc6
{[%clk 0:12:08]} 38. dxc6 {[%clk 0:05:47]} Rc8 {[%clk 0:12:30]} 39. Kf1
{[%clk 0:03:38]} Rxc6 {[%clk 0:12:37]} 40. Ke2 {[%clk 0:02:44]} Bxe3
{[%clk 0:10:29]} 41. Kxe3 {[%clk 0:01:54]} Rc3+ {[%clk 0:08:11]} 42. Kd2
{[%clk 0:22:59]} Rc4 {[%clk 0:38:12]} 43. Kd3 {[%clk 0:23:17]} Rf4
{[%clk 0:38:23]} 44. Ke3 {[%clk 0:20:28]} g5 {[%clk 0:38:38]} 45. Rc1
{[%clk 0:18:04]} Ke7 {[%clk 0:37:33]} 46. Rc5 {[%clk 0:16:21]} h6
{[%clk 0:37:25]} 47. f3 {[%clk 0:14:48]} Kd6 {[%clk 0:37:36]} 48. Rb5
{[%clk 0:15:10]} Kc6 {[%clk 0:37:55]} 49. Rb8 {[%clk 0:15:16]} Kc5
{[%clk 0:38:05]} 50. h4 {[%clk 0:13:33]} Rf6 {[%clk 0:35:41]} 51. hxg5
{[%clk 0:11:04]} hxg5 {[%clk 0:35:25]} 52. Rg8 {[%clk 0:10:34]} b3
{[%clk 0:35:21]} 53. Rxg5+ {[%clk 0:10:09]} Kc4 {[%clk 0:34:41]} 54. Rg8
{[%clk 0:07:48]} Rb6 {[%clk 0:32:46]} 55. Rc8+ {[%clk 0:06:48]} Kd5
{[%clk 0:32:48]} 56. Rd8+ {[%clk 0:06:05]} Ke6 {[%clk 0:30:02]} 57. Rd1
{[%clk 0:05:47]} b2 {[%clk 0:30:25]} 58. Rb1 {[%clk 0:06:13]} Kd5
{[%clk 0:30:33]} 59. Kf4 {[%clk 0:04:07]} Kd4 {[%clk 0:30:19]} 60. g5
{[%clk 0:03:01]} Kd3 {[%clk 0:25:54]} 61. Ke5 {[%clk 0:01:27]} Kc2
{[%clk 0:25:56]} 62. Rf1 {[%clk 0:01:14]} b1=Q {[%clk 0:23:42]} 63. Rxb1
{[%clk 0:01:39]} Kxb1 {[%clk 0:24:10]} 64. f4 {[%clk 0:01:58]} Kc2
{[%clk 0:24:28]} 65. f5 {[%clk 0:02:21]} Kd3 {[%clk 0:24:39]} 66. g6
{[%clk 0:00:37]} fxg6 {[%clk 0:24:48]} 67. f6 {[%clk 0:01:05]} Rb5+
{[%clk 0:23:15]} 0-1

[Event "V4 OPEN - International Championship of Slovakia 2
[Site "Banska Stiavnica"]
[Date "2013.07.06"]
[Round "1"]
[Board "26"]
[White "Nasuta, Grzegorz"]
[Black "Toman, Ondrej"]
[Result "0-1"]
[WhiteElo "2353"]
[BlackElo "2061"]
[PlyCount "0"]
[EventDate "2013.07.06"]
[EventRounds "9"]
[EventCountry "SVK"]

1. e4 {[%clk 1:30:59]} e6 {[%clk 1:30:53]} 2. d4 {[%clk 1:31:24]} d5
{[%clk 1:31:16]} 3. Nc3 {[%clk 1:31:49]} Bb4 {[%clk 1:31:31]} 4. e5
{[%clk 1:32:13]} c5 {[%clk 1:31:52]} 5. a3 {[%clk 1:32:35]} Bxc3+
{[%clk 1:32:14]} 6. bxc3 {[%clk 1:33:01]} Ne7 {[%clk 1:32:25]} 7. Qg4
{[%clk 1:32:58]} Qc7 {[%clk 1:32:36]} 8. Qxg7 {[%clk 1:32:54]} Rg8
{[%clk 1:32:58]} 9. Qxh7 {[%clk 1:33:19]} cxd4 {[%clk 1:33:14]} 10. Ne2
{[%clk 1:33:42]} Nbc6 {[%clk 1:32:44]} 11. f4 {[%clk 1:33:52]} Bd7
{[%clk 1:32:48]} 12. Qd3 {[%clk 1:32:40]} dxc3 {[%clk 1:31:19]} 13. Rb1
{[%clk 1:30:28]} Nf5 {[%clk 1:28:42]} 14. Nxc3 {[%clk 1:21:31]} a6
{[%clk 1:28:16]} 15. g3 {[%clk 1:19:56]} Ncd4 {[%clk 1:25:27]} 16. Bd2
{[%clk 0:48:11]} Rc8 {[%clk 1:12:54]} 17. Bh3 {[%clk 0:40:24]} b5
{[%clk 1:02:55]} 18. Kd1 {[%clk 0:21:59]} Qc4 {[%clk 0:52:29]} 19. Rb4
{[%clk 0:15:43]} Qxd3 {[%clk 0:48:44]} 20. cxd3 {[%clk 0:16:11]} Rh8
{[%clk 0:46:50]} 21. Bg2 {[%clk 0:12:10]} a5 {[%clk 0:44:14]} 22. Rb2
{[%clk 0:12:39]} a4 {[%clk 0:40:42]} 23. Ne2 {[%clk 0:07:15]} Nb3
{[%clk 0:36:39]} 24. Rc2 {[%clk 0:02:33]} Nc5 {[%clk 0:33:59]} 25. Nc1
{[%clk 0:01:59]} f6 {[%clk 0:30:34]} 26. exf6 {[%clk 0:00:54]} Kf7
{[%clk 0:31:00]} 27. g4 {[%clk 0:00:41]} Nd4 {[%clk 0:26:54]} 28. Rb2
{[%clk 0:00:45]} Ndb3 {[%clk 0:24:11]} 29. Ke2 {[%clk 0:00:44]} Kxf6
{[%clk 0:22:31]} 30. Nxb3 {[%clk 0:00:41]} Nxb3 {[%clk 0:22:33]} 31. Bb4
{[%clk 0:00:45]} d4 {[%clk 0:21:25]} 32. Bd6 {[%clk 0:00:34]} Rh4
{[%clk 0:19:47]} 33. Be5+ {[%clk 0:00:47]} Kf7 {[%clk 0:20:05]} 34. h3 Nc1+
{[%clk 0:19:21]} 35. Kd2 {[%clk 0:01:15]} Nb3+ {[%clk 0:19:49]} 36. Ke2
{[%clk 0:01:36]} Nc1+ {[%clk 0:20:13]} 37. Kd2 {[%clk 0:00:58]} Nb3+
{[%clk 0:20:39]} 38. Ke1 {[%clk 0:00:35]} Rc1+ {[%clk 0:20:06]} 39. Kf2
{[%clk 0:01:04]} Rxh1 {[%clk 0:20:21]} 40. Bxh1 {[%clk 0:01:16]} Rxh3
{[%clk 0:20:37]} 41. Be4 {[%clk 0:00:33]} Rh2+ {[%clk 0:20:27]} 42. Bg2
{[%clk 0:01:01]} Bc6 {[%clk 0:20:44]} 43. Kg3 {[%clk 0:01:25]} Rxg2+
{[%clk 0:21:07]} 44. Rxg2 {[%clk 0:01:54]} Bxg2 {[%clk 0:21:35]} 45. Kxg2
{[%clk 0:02:23]} Ke7 {[%clk 0:20:24]} 46. g5 {[%clk 0:02:45]} b4 {[%clk 0:20:39]}
47. g6 {[%clk 0:03:00]} bxa3 {[%clk 0:20:25]} 48. Bd6+ {[%clk 0:03:27]} Kf6
{[%clk 0:18:19]} 49. Bxa3 {[%clk 0:03:55]} Na1 {[%clk 0:18:43]} 50. Kf3
{[%clk 0:02:07]} Nc2 {[%clk 0:17:00]} 51. Bc1 {[%clk 0:02:36]} a3
{[%clk 0:17:19]} 52. Bxa3 {[%clk 0:00:49]} Nxa3 {[%clk 0:17:33]} 53. Ke4
{[%clk 0:01:18]} Nc2 {[%clk 0:17:48]} 54. g7 {[%clk 0:01:13]} Kxg7
{[%clk 0:18:12]} 55. Ke5 {[%clk 0:01:38]} Kf7 {[%clk 0:18:33]} 56. f5
{[%clk 0:02:07]} exf5 {[%clk 0:18:44]} 57. Kxf5 {[%clk 0:02:36]} Kg7
{[%clk 0:18:59]} 58. Kg5 {[%clk 0:02:46]} Kh7 {[%clk 0:19:23]} 59. Kf5
{[%clk 0:02:54]} Kh6 {[%clk 0:19:20]} 60. Kf6 {[%clk 0:03:18]} Kh5
{[%clk 0:19:36]} 61. Kf5 {[%clk 0:03:44]} Kh4 {[%clk 0:19:17]} 62. Kf4
{[%clk 0:04:12]} Kh3 {[%clk 0:19:43]} 63. Kf3 {[%clk 0:04:35]} Kh2
{[%clk 0:19:40]} 64. Kf2 {[%clk 0:04:49]} Kh1 {[%clk 0:20:02]} 0-1